Countries Closest to Argentina - Sudden Death - Statistics

General Stats
  • This quiz has been taken 26 times
  • The average score is 8 of 15
Answers on the Grid
Answers color-coded by a green-red scale on the quiz's grid according to % correct below.
Chile
Uruguay
Paraguay
Bolivia
Brazil
Peru
Ecuador
Suriname
Guyana
Colombia
Venezuela
Trinidad and Tobago
Grenada
Saint Vincent and the Grenadines
Barbados
Saint Lucia
Dominica
Saint Kitts and Nevis
Antigua and Barbuda
Haiti
Dominican Republic
Jamaica
Panama
Costa Rica
Nicaragua
Honduras
El Salvador
Guatemala
Belize
Mexico
 
Answer Stats
Answer % Correct
Chile
89%
Bolivia
83%
Brazil
83%
Peru
83%
Ecuador
78%
Paraguay
78%
Venezuela
78%
Colombia
72%
Uruguay
67%
Guyana
50%
Suriname
50%
Trinidad and Tobago
6%
Barbados
0%
Grenada
0%
Saint Vincent and the Grenadines
0%
No matching quizzes found
Score Distribution
Percent of People with Each Score
Percentile by Number Answered
Your Score History
You have not taken this quiz